Statystyki dla Pasma górskie w danych krajach!

Kliknij tutaj aby rozwiązać quiz!

Ogólne statystyki

  • Ten quiz został rozwiązany 37 razy
    (36 od ostatniego zresetowania)
  • Średni wynik to 14 z 28

Statystyki odpowiedzi

Kraje w których leży dane pasmo:Pasmo górskie:% Poprawnych
Pakistan, Indie, Chiny, Bhutan, NepalHimalaje
100%
Francja, Monako, Włochy, Szwajcaria, Liechtenstein, Niemcy, Austria, Słowenia, WęgryAlpy
97%
RosjaUral
97%
Austria, Czechy, Polska, Słowacja, Ukraina, Węgry, Rumunia, SerbiaKarpaty
93%
Wenezuela, Kolumbia, Ekwador, Peru, Boliwia, Chile, ArgentynaAndy
90%
Polska, CzechySudety
90%
Gruzja, Armenia, Azerbejdżan, Turcja, IranKaukaz
83%
Hiszpania, Francja, AndoraPireneje
83%
Polska, SłowacjaTatry
83%
Polska, Słowacja, UkrainaBieszczady
67%
PolskaGóry Świętokrzyskie
67%
USA, Kanada, Meksyk, Ameryka ŚrodkowaKordyliery
67%
Algieria, Maroko, TunezjaGóry Atlas
63%
Lesotho, EswatiniGóry Smocze
60%
USA, KanadaAppalachy
40%
Finlandia, Norwegia, SzwecjaGóry skandynawskie
40%
PolskaStołowe
33%
PolskaGóry Sowie
27%
RPAGóry przylądkowe
23%
GrecjaGóra Olimp
20%
Chorwacja, Słowenia, AlbaniaGóry Dynarskie
20%
JaponiaGóra Fudżi
13%
Czechy, PolskaGóry Izerskie
13%
TurcjaGóry Taurus
13%
AustraliaAlpy australijskie
7%
Wielka BrytaniaGóry Kambryjskie
0%
IndonezjaGóry śnieżne
0%
TajlandiaTanen tong dan
0%

Rozkład punktacji

Percentyl według liczby udzielonych odpowiedzi

Procent ludzi z każdym wynikiem

Twoja historia wyników

Nie rozwiązałeś tego quizu od ostatniego zresetowania